Cómo se fabrican las noticias: fuentes, selección y planificación

Guardat en:
Dades bibliogràfiques
Autor principal: López López, Manuel (autor)
Format: Llibre
Idioma:espanyol
Publicat: Ciudad de México Paidós 1995
Edició:1a. ed
Col·lecció:Colección Papeles de Comunicación, 9
Matèries:
Etiquetes: Afegir etiqueta
Sense etiquetes, Sigues el primer a etiquetar aquest registre!

MARC

LEADER 00000cam a2200000 a 4500
001 UCZ9158
003 CL-VaPUC
008 960301e19950000MX |||||||||||||||||spa|d
020 |a 8449301521 
082 0 4 |a 070.43  |b LOP  |2 21 
100 |a López López, Manuel  |e autor  |9 550297 
245 1 0 |a Cómo se fabrican las noticias: fuentes, selección y planificación 
250 |a 1a. ed 
300 |a 186 p 
942 |c BK 
945 |d 19960301 00:00:00  |a rleighto 
260 |a Ciudad de México  |b Paidós  |c 1995 
650 0 |a Periodismo   |9 310113 
650 0 |a Noticias   |9 332257 
650 0 |a Periodistas   |9 335499 
650 0 |a Medios de comunicación  |9 257206 
583 |a last modification  |c 20140114 04:32:37  |k Rodrigo Vera 
490 0 |a Colección Papeles de Comunicación, 9 
999 |c 244735  |d 244733 
952 |0 0  |1 0  |4 0  |6 070_430000000000000_LOP_1995  |7 0  |8 A  |9 258912  |a BIBCUR  |b BIBCUR  |d 2019-11-19  |i 3172988  |o 070.43 LOP 1995  |p 3172988  |r 2025-04-22  |w 2019-11-19  |y BK  |k PER 
952 |0 0  |1 0  |3 erb  |4 0  |6 070_430000000000000_LOP_1995  |7 0  |8 A  |9 258913  |a BIBCUR  |b BIBCUR  |i 5051231  |o 070.43 LOP 1995  |p 5051231  |r 2025-04-22  |w 2019-11-19  |y BK  |z Catalogado en:20140116  |k PER